| 000 | 00825nam a22002297a 4500 | ||
|---|---|---|---|
| 999 |
_c18889 _d18889 |
||
| 003 | AR-CdUCM | ||
| 008 | 190515b ||||| |||| 00| 0 spa d | ||
| 040 |
_aMUNICIPALIDAD PROVINCIAL DEL CUSCO _cBIBLIOTECA MUNICIPAL DEL CUSCO |
||
| 041 | _heng | ||
| 082 |
_a326.973 / _bS78 |
||
| 100 |
_aStampp, Kenneth M. _939794 |
||
| 245 |
_aLa esclavitud en los estados unidos : _bla institución peculiar / |
||
| 260 |
_aBarcelona : _bOikos Tau, _c1966. |
||
| 300 |
_a473 páginas ; _c22 cm. |
||
| 505 | _aContenido: El escenario -- Del alba al ocaso -- Una molestia propiedad -- Para mantenerlos atemorizados... | ||
| 650 |
_aEsclavitud _9802 |
||
| 650 |
_aEstados unidos _929155 |
||
| 650 |
_aNorteamérica _95078 |
||
| 700 |
_aAncochea Millet, Nicanor (traducción) _939795 |
||
| 942 |
_2ddc _cLIBROS |
||
| 945 |
_adavv _d2019-05-15 |
||